| 000 | 00903ngm a2200205 a 4500 | ||
|---|---|---|---|
| 005 | 20230418063541.0 | ||
| 008 | 010717s1996 mx 060 aaspa d | ||
| 035 | _aUPN01000109769 | ||
| 049 | _aAV | ||
| 050 | 4 | _aPVI F 897 | |
| 245 | 0 | 0 | _a1940-1942 segunda guerra mundial. 1942-1944 el fantasma de la modernidad. |
| 260 |
_aMéxico : _bSEP, _c1996. |
||
| 300 |
_a1 videocasete (VHS) (60 min.) : _bson., b y n. |
||
| 440 | 0 |
_aSiglo 20. La vida en México ; _v8 |
|
| 500 | _aEl mundo esta en guerra, debutan María Félix y Jorge Negrete. Nace el personaje del pachuco encarnado por Tin-Tán, Avila Camacho y Roosevelt se reúnen para discutir la posición de Estados Unidos y México ante la Segunda Guerra Mundial | ||
| 650 | 4 |
_aCivilización moderna _ySiglo XX _97470 |
|
| 651 | 4 |
_aMéxico _xCondiciones sociales _94559 |
|
| 740 | 0 | _a1942-1944 el fantasma de la modernidad. | |
| 905 | _aAudiovisuales | ||
| 999 |
_c83679 _d83679 |
||